[Event "7th Metropolitan IM"]
[Site "Los Angeles USA"]
[Date "2011.06.16"]
[Round "2"]
[White "Taylor,T"]
[Black "Liou,Y"]
[Result "0-1"]
[WhiteElo "2296"]
[BlackElo "2273"]

1.d4 d5 2.c4 c6 3.Nc3 Nf6 4.Nf3 a6 5.Ne5 dxc4 6.Nxc4 b5 7.Ne5 Bb7 8.e3 e6
9.Be2 Nbd7 10.f4 c5 11.O-O cxd4 12.exd4 Bd6 13.Be3 O-O 14.Bf2 Nd5 15.Bf3 Nxc3
16.bxc3 Bxf3 17.Qxf3 Nb6 18.f5 exf5 19.Qxf5 Qc8 20.Qh5 f6 21.Ng4 Qe8 22.Qh3 Nd5
23.Qf3 Qf7 24.a4 Rac8 25.Be1 f5 26.Nf2 Rfe8 27.Ng4 Bf4 28.Ne5 Bxe5 29.dxe5 Rxe5
30.axb5 axb5 31.Bg3 f4 32.Bxf4 Rf5 33.Qh3 Rf8 34.g3 Nxf4 35.Rxf4 Rxf4 36.gxf4 Qxf4
37.Qe6+ Kh8 38.Qe2 Qg5+ 39.Kh1 h6 40.Qe4 Qf6 41.Rc1 Rc8 42.Qb7 Rc6 43.Qb8+ Kh7
44.Qg3 Qf5 45.Rd1 Qe4+ 46.Qg2 Qxg2+ 47.Kxg2 Rxc3 48.Rd7 b4 49.Rb7 b3 50.h4 Kg6
51.h5+ Kf6 52.Rb5 Ke6 53.Rb7 Kd5 54.Rxg7 Kc4 55.Rb7 Kd3 56.Rb6 Kc2 57.Rxh6 b2
58.Rb6 b1=Q 59.Rxb1 Kxb1 60.h6 Rc6  0-1

[Event "Voronezh FIDE Open"]
[Site "Voronezh RUS"]
[Date "2011.06.16"]
[Round "5.8"]
[White "Aseeva,A"]
[Black "Hudyakov,S"]
[Result "1/2-1/2"]
[WhiteElo "1909"]
[BlackElo "2192"]

1.d4 d5 2.c4 c6 3.Nc3 Nf6 4.Nf3 a6 5.a4 e6 6.e3 c5 7.Be2 Nc6 8.O-O b6 9.b3 Bd6
10.Bb2 O-O 11.Rc1 Bb7 12.Re1 Rc8 13.Bf1 Bb8 14.cxd5 exd5 15.g3 Qd7 16.Bg2 Rfe8
17.Re2 h6 18.Rd2 Nb4 19.Ba3 a5 20.Ne1 cxd4 21.exd4 Bd6 22.h3 Bf8 23.Kh2 Bd6
24.Kg1 Bf8 25.Kh2 Bd6 26.Kg1 Bf8  1/2-1/2

[Event "Voronezh Master Open"]
[Site "Voronezh RUS"]
[Date "2011.06.16"]
[Round "5.36"]
[White "Usmanov,V"]
[Black "Arkhipov,Vl1"]
[Result "1-0"]
[WhiteElo "2289"]
[BlackElo "2152"]

1.d4 d5 2.c4 c6 3.Nf3 Nf6 4.Nc3 a6 5.e3 g6 6.Bd3 Bg7 7.O-O b5 8.b3 Nbd7 9.cxd5 cxd5
10.h3 Bb7 11.Bb2 Ne4 12.Rc1 Rc8 13.Qe2 O-O 14.Rc2 Nb6 15.Ne5 b4 16.Nxe4 dxe4
17.Bc4 Nxc4 18.Rxc4 Rxc4 19.Nxc4 Qd5 20.a3 a5 21.Ra1 a4 22.axb4 axb3 23.Nb6 Qc6
24.Na4 Ba6 25.Qd1 Bc4 26.Nc5 Qd5 27.Qc1 e5 28.dxe5 Bxe5 29.Bxe5 Qxe5 30.Nd7 Qg7
31.Rb1 Bd3 32.Rxb3 Ra8 33.Ra3 Re8 34.Qc6 Kh8 35.Ra8 Rxa8 36.Qxa8+ Qg8 37.Qxg8+ Kxg8
38.Nc5 Bb5 39.Nxe4 Kf8 40.f3 Ke7 41.Kf2 f5 42.Nc3 Bc4 43.g4 Ke6 44.Kg3 Ke5
45.f4+ Kd6 46.gxf5 gxf5 47.Kh4 Bf1 48.Kg5 Bxh3 49.Kh6 Bf1 50.Kxh7 Bd3 51.Kg6 Ke6
52.Kg5 Bc2 53.Ne2 Kd5 54.Nd4 Bd3 55.Kf6 Ke4 56.Nxf5 Bf1 57.Ng3+  1-0

[Event "4th Karen Asrian Memorial"]
[Site "Jermuk ARM"]
[Date "2011.06.20"]
[Round "5"]
[White "Gleizerov,E"]
[Black "Gvetadze,Sopi"]
[Result "1-0"]
[WhiteElo "2600"]
[BlackElo "2330"]

1.d4 d5 2.c4 c6 3.Nf3 Nf6 4.Nc3 a6 5.Ne5 Nbd7 6.Bf4 dxc4 7.Nxc4 Nd5 8.Bd2 e6
9.g3 b5 10.Ne3 Qb6 11.Nc2 Bb7 12.Bg2 N7f6 13.e4 Nxc3 14.bxc3 c5 15.Qe2 Rc8
16.d5 Be7 17.c4 bxc4 18.Ne3 exd5 19.exd5 O-O 20.O-O Qc7 21.Bc3 Rfd8 22.Nf5 Bf8
23.Bxf6 gxf6 24.d6 Qd7 25.Qg4+ Kh8 26.Bxb7 Qxb7 27.Rae1 c3 28.Qh4 Bg7 29.Re4 c2
30.Nxg7 Qb2 31.Qh6 Rg8 32.Nf5 Rg5 33.d7 Rcg8 34.Rh4  1-0

[Event "49th National Challengers ch-IND"]
[Site "Aurangabad IND"]
[Date "2011.06.23"]
[Round "10"]
[White "Ashwin,J"]
[Black "Syed Anwar,S"]
[Result "1/2-1/2"]
[WhiteElo "2439"]
[BlackElo "2282"]

1.d4 d5 2.c4 c6 3.Nf3 Nf6 4.Nc3 a6 5.g3 g6 6.Bg2 Bg7 7.cxd5 cxd5 8.O-O O-O
9.Ne5 Nbd7 10.f4 e6 11.a4 b6 12.b4 Bb7 13.Ba3 Rc8 14.Qd3 Re8 15.b5 a5 16.Rac1 Bf8
17.Nb1 Nxe5 18.fxe5 Ne4 19.Bxf8 Rxf8 20.Qa3 Qg5 21.e3 h5 22.Rxc8 Rxc8 23.Rc1 h4
24.Rxc8+ Bxc8 25.Qc1 Bb7 26.Bxe4 dxe4 27.Kg2 Bd5 28.Nc3 Qf5 29.Qf1 Qxf1+
30.Kxf1 hxg3 31.h4 g5 32.hxg5 Kg7 33.Kg2 Kg6 34.Kh3 Kh5 35.Kg2 Kg6 36.Kh3 Kh5
37.g6 Kxg6 38.Kg2 Kf5 39.Kxg3 Kg5 40.Kh3 Kh5 41.Kg3 Kg5  1/2-1/2

[Event "4th Karen Asrian Memorial"]
[Site "Jermuk ARM"]
[Date "2011.06.23"]
[Round "8"]
[White "Hovhannisyan,R"]
[Black "Simonian,H"]
[Result "1-0"]
[WhiteElo "2553"]
[BlackElo "2468"]

1.d4 d5 2.Nf3 Nf6 3.c4 c6 4.Nc3 a6 5.g3 b5 6.c5 Nbd7 7.Bf4 g6 8.Bg2 Bg7 9.O-O O-O
10.Ne5 Nxe5 11.Bxe5 Bf5 12.h3 h5 13.Qd2 Qd7 14.Kh2 Rfd8 15.f3 a5 16.g4 Be6
17.Rad1 Qb7 18.e3 hxg4 19.hxg4 Nd7 20.Bg3 Nf8 21.Ne2 Bc8 22.Nc1 Qd7 23.Rh1 b4
24.Kg1 Ba6 25.Bf1 Bxf1 26.Rxf1 f6 27.Nd3 Kf7 28.g5 Ne6 29.gxf6 exf6 30.Qg2 Rh8
31.Kf2 Ng5 32.Bh4 Qf5 33.Ke2 Ne6 34.Qg4 Rae8 35.Kd2 Qxg4 36.fxg4 g5 37.Bg3 Rxh1
38.Rxh1 Kg6 39.Bd6 Bf8 40.Bg3 Re7 41.b3 Nd8 42.Ke2 Nf7 43.Kf3 Nh6 44.Ra1 Rb7
45.a3 bxa3 46.Rxa3 Be7 47.Be1 Bd8 48.Bxa5 Bxa5 49.Rxa5 Rxb3 50.Nf2 f5 51.Ra6 fxg4+
52.Nxg4 Nxg4 53.Kxg4 Rxe3 54.Rxc6+ Kf7 55.Kxg5 Re4 56.Rf6+ Ke7 57.Rf4 Re1
58.Rf5 Ke6 59.Rf6+ Ke7 60.Rd6 Rf1 61.Rxd5 Ke6 62.Re5+ Kd7 63.Rf5 Rd1 64.Rd5+ Ke7
65.Kf5 Rf1+ 66.Ke4 Ke6 67.Rd6+ Ke7 68.d5  1-0

[Event "6th Dvorkovich Cup"]
[Site "Moscow RUS"]
[Date "2011.06.26"]
[Round "2.3"]
[White "Savitski,A"]
[Black "Nikologorskiy,K"]
[Result "1/2-1/2"]
[WhiteElo "1993"]
[BlackElo "2260"]

1.d4 d5 2.Nf3 Nf6 3.c4 c6 4.Nc3 a6 5.cxd5 cxd5 6.Bf4 Nc6 7.e3 Bf5 8.Be2 e6
9.Nh4 Bg6 10.Rc1 Bd6 11.Bxd6 Qxd6 12.O-O O-O 13.Nxg6 hxg6 14.Na4 Nd7 15.Nc5 Nxc5
16.Rxc5 Rfc8 17.Qb3 Qd7 18.Qb6 Ne7 19.Rfc1 Rxc5 20.Rxc5 Rc8 21.b4 Rxc5 22.bxc5 f6
23.f4 Kf7 24.Kf2 Nc8 25.Qb3 Qc7 26.Bd3 Ne7 27.g3 Nc6 28.Qb1 f5 29.h4 Kf6
30.Kf3 Nd8 31.g4 Qa5 32.gxf5 gxf5 33.Qg1 Nf7 34.Qg2 g6 35.Qb2 Qc7 36.Bf1 Kg7  1/2-1/2

[Event "XIX Open A"]
[Site "Montcada i Reixac ESP"]
[Date "2011.06.28"]
[Round "4"]
[White "Del Rio de Angelis,S"]
[Black "Stopa,Ja"]
[Result "1-0"]
[WhiteElo "2508"]
[BlackElo "2460"]

1.d4 d5 2.c4 c6 3.Nf3 Nf6 4.Nc3 a6 5.a4 e6 6.g3 a5 7.Bg2 Na6 8.O-O Be7 9.Re1 O-O
10.e4 dxc4 11.Ne5 Nb4 12.Nxc4 b6 13.Be3 Ba6 14.b3 Rc8 15.Bf4 Nfd5 16.Bd2 Nf6
17.Bg5 Nd7 18.Bxe7 Qxe7 19.e5 Rc7 20.Nd6 f6 21.f4 fxe5 22.dxe5 Nc5 23.Nce4 Nxe4
24.Bxe4 g5 25.Qg4 Kh8 26.Qxg5 Qxg5 27.fxg5 Nd3 28.Bxd3 Bxd3 29.Re3 Ba6 30.Rd1 Rd7
31.h4 c5 32.Rd2 Rf1+ 33.Kg2 Ra1 34.Rf2 Bb7+ 35.Kh3 Re7 36.Rf8+ Kg7 37.Rb8  1-0

[Event "TCh-TUR 2011"]
[Site "Konya TUR"]
[Date "2011.06.29"]
[Round "2"]
[White "Atalik,E"]
[Black "Gvetadze,Sopi"]
[Result "1/2-1/2"]
[WhiteElo "2436"]
[BlackElo "2330"]

1.d4 d5 2.c4 c6 3.Nf3 Nf6 4.Nc3 a6 5.a4 e6 6.g3 Nbd7 7.Bg2 Bb4 8.O-O O-O
9.c5 Re8 10.Bf4 b6 11.cxb6 Qxb6 12.Na2 Bf8 13.b4 a5 14.bxa5 Qxa5 15.Nc1 Ne4
16.Nd2 Nxd2 17.Bxd2 Qa7 18.Nb3 Ba6 19.Re1 Rec8 20.a5 Bc4 21.Bc3 Rab8 22.Nd2 Ba6
23.Rb1 c5 24.Nb3 cxd4 25.Bxd4 Qa8 26.Ba1 Nc5 27.Nxc5 Bxc5 28.Qd2 Qa7 29.e3 Qe7  1/2-1/2

[Event "Nova College Chess Tournament"]
[Site "Haarlem NED"]
[Date "2011.07.02"]
[Round "2"]
[White "Ikonnikov,Vy"]
[Black "Gijswijt,B"]
[Result "1-0"]
[WhiteElo "2553"]
[BlackElo "2341"]

1.d4 d5 2.Nf3 Nf6 3.c4 c6 4.Nc3 a6 5.a4 e6 6.Bg5 Nbd7 7.e3 Qa5 8.Nd2 Bb4
9.Bxf6 Nxf6 10.Qc2 c5 11.Nb3 Qc7 12.dxc5 O-O 13.cxd5 Nxd5 14.Bd3 g6 15.h4 Nxc3
16.bxc3 Bxc5 17.Nxc5 Qxc5 18.h5 Kg7 19.Rb1 e5 20.Be4 Ra7 21.h6+ Kg8 22.O-O b5
23.axb5 axb5 24.Rfd1 Be6 25.Qe2 Bc4 26.Bd3 Rc8 27.Bxc4 bxc4 28.e4 Qf8 29.Qe3 Rac7
30.Rb5 Rc5 31.Rxc5 Rxc5 32.Rd7 Rc8 33.Qd2 Ra8 34.g3 Qc5 35.Kg2 Rf8 36.Qd5 Qxd5
37.exd5 Rc8 38.Kf3 f5 39.d6 Rc6 40.Rg7+ Kf8 41.d7 Rd6 42.Rxh7  1-0

[Event "TCh-TUR 2011"]
[Site "Konya TUR"]
[Date "2011.07.02"]
[Round "6"]
[White "Donmez,Batuhan"]
[Black "Gaygusuzoglu,G"]
[Result "1/2-1/2"]
[WhiteElo "1849"]
[BlackElo "1900"]

1.d4 d5 2.c4 c6 3.Nc3 Nf6 4.Nf3 a6 5.c5 g6 6.Bf4 Bg7 7.e3 O-O 8.Bd3 Re8 9.O-O Bg4
10.Qb3 Qc8 11.Ne5 Nbd7 12.Na4 Ra7 13.h3 Be6 14.Rfd1 Nxe5 15.Bxe5 Nd7 16.Bg3 Kh8
17.Rac1 Nf8 18.Qb6 Ra8 19.Qb4 Nd7 20.Rc3 a5 21.Qb3 Bf5 22.Bf1 e5 23.dxe5 Bxe5
24.Bxe5+ Rxe5 25.g4 Be4 26.Be2 g5 27.Rd2 h5 28.Rc1 Kh7 29.f3 Bg6 30.f4 gxf4
31.exf4 Re4 32.f5 Bxf5 33.gxf5 Qg8+ 34.Kh1 Qg5 35.Qc2 Rxa4 36.Rg1 Qh4 37.f6+ Kh8
38.Rd3 Rg8 39.Qc1 Rxg1+ 40.Kxg1 Qxf6 41.Rf3 Qg6+ 42.Kh2 Ne5 43.Rg3 Qf6 44.Bxh5 Qf2+
45.Rg2 Qf4+ 46.Qxf4 Rxf4 47.b3 f6 48.Kg3 Rd4 49.Kh2 Nd3 50.Rc2 Nf4 51.Bg4 Ng6
52.Bc8 Rb4 53.Rg2 Ne5 54.Rg3 d4 55.Rg2 d3 56.Kg3 Rb5 57.Kf4 Rxc5 58.Bf5 Rd5
59.Rd2 Kg7 60.Be4 Rd6 61.Ke3 Kh6 62.Bxd3 Nxd3 63.Rxd3 Rxd3+ 64.Kxd3 Kg5 65.Ke4 b5
66.a3 f5+ 67.Ke5 c5 68.h4+ Kg4 69.h5 Kxh5 70.Kxf5 c4 71.bxc4 bxc4 72.Ke4 c3
73.Kd3 Kg5 74.Kxc3 Kf6 75.Kc4 Ke6 76.Kb5 Kd7  1/2-1/2

[Event "6th Dvorkovich Cup"]
[Site "Moscow RUS"]
[Date "2011.07.02"]
[Round "12.7"]
[White "Chu Wei Chao"]
[Black "Nikologorskiy,K"]
[Result "1-0"]
[WhiteElo "2175"]
[BlackElo "2260"]

1.d4 d5 2.c4 c6 3.Nf3 Nf6 4.Nc3 a6 5.c5 Nbd7 6.Bf4 Nh5 7.Bd2 Nhf6 8.Qc2 g6
9.g3 Bg7 10.Bg2 O-O 11.O-O Re8 12.Rad1 Nf8 13.Bf4 Bf5 14.Qb3 Qc8 15.Ne5 Be6
16.Na4 N6d7 17.Rfe1 Ra7 18.Nb6 Qd8 19.Nexd7 Nxd7 20.a4 a5 21.Nxd7 Qxd7 22.Qb6 Ra6
23.Qc7 Rc8 24.Qxd7 Bxd7 25.e4 dxe4 26.Bxe4 e6 27.Bd3 Ra7 28.Bc4 Bf6 29.Re3 Bd8
30.Rb3 h5 31.Be5 Bc7 32.h3 Kf8 33.g4 Ke7 34.f4 hxg4 35.hxg4 Bxe5 36.dxe5 Rb8
37.Rd6 b6 38.cxb6 Rab7 39.Rbd3 Be8 40.b3 Rxb6 41.Kf2 c5 42.Kg3 Bc6 43.Kh4 Rh8+
44.Kg5 Rhb8 45.Rd2 Be8 46.Kh6 Bc6 47.Kg7 Be8 48.Rd1 R8b7 49.R1d2 Rb8 50.R2d3 R8b7
51.Rd8 Rb8 52.Rxb8 Rxb8 53.Rd6 Rb4 54.Ra6 Bxa4 55.Rxa5 Bxb3 56.Ra7+ Ke8 57.Bxb3 Rxb3
58.Rxf7 Rg3 59.g5 c4 60.Rc7 c3 61.Kxg6 Kd8 62.Rc4 Ke7 63.Kg7 Rf3 64.g6 Rg3
65.Rc7+ Kd8 66.Rc6 Kd7 67.Rc5 Ke7 68.Rc4 Rh3 69.Kg8 Rg3 70.g7 Rh3 71.Rc7+ Kd8
72.Rc4 Ke7 73.Rc5 Ke8 74.Rc7 Kd8 75.Rc4 Ke7 76.Rc6 Kd7 77.Kf7 Rg3 78.Rc4  1-0

[Event "86th ch-Paris IdF"]
[Site "Paris FRA"]
[Date "2011.07.04"]
[Round "3.10"]
[White "Bernard,Ch1"]
[Black "Wirig,A"]
[Result "1/2-1/2"]
[WhiteElo "2342"]
[BlackElo "2510"]

1.d4 d5 2.c4 c6 3.Nf3 Nf6 4.Nc3 a6 5.e3 b5 6.b3 Bf5 7.Be2 h6 8.O-O e6 9.Ne5 Bd6
10.Bd3 Bxd3 11.Nxd3 O-O 12.c5 Bc7 13.a4 Ne4 14.Ne2 bxa4 15.b4 Nd7 16.f3 Nef6
17.Qxa4 Qc8 18.g3 Qb7 19.Bd2 e5 20.dxe5 Nxe5 21.Nxe5 Bxe5 22.Nd4 Bxd4 23.exd4 Rfe8
24.Rfe1 Rxe1+ 25.Rxe1 Nd7 26.Ra1 Nf8 27.Be3 Ne6 28.Kf2 Nc7 29.Qa5 Nb5 30.g4 Qe7
31.Qa2 Re8 32.Qd2 Qb7 33.Kg2 Nc7 34.Bf4 Ne6 35.Be5 Qb5 36.Re1 Re7 37.Bg3 Rb7
38.Bf2 Qc4 39.Rc1 Qb3 40.Ra1 Rxb4 41.Rxa6 Qc4 42.Rxc6 Rb1 43.Rb6 Rc1 44.Rb4 Qf1+
45.Kg3 Ng5 46.Rb8+ Kh7 47.Rb3 Qh3+ 48.Kf4 Qxh2+ 49.Ke3 Qh1 50.Kf4 Qh2+ 51.Ke3 Qh1
52.Kf4 Qh2+ 53.Ke3 Qh1  1/2-1/2

[Event "86th ch-Paris IdF"]
[Site "Paris FRA"]
[Date "2011.07.06"]
[Round "5.5"]
[White "Arun Prasad,S"]
[Black "Wirig,A"]
[Result "1/2-1/2"]
[WhiteElo "2489"]
[BlackElo "2510"]

1.d4 d5 2.c4 c6 3.Nf3 Nf6 4.Nc3 a6 5.e3 b5 6.b3 Bf5 7.Be2 e6 8.O-O Nbd7 9.Bb2 h6
10.Bd3 Bxd3 11.Qxd3 Be7 12.cxd5 cxd5 13.a4 b4 14.Ne2 O-O 15.Rfc1 Qb6 16.Rc2 Rfc8
17.Rac1 Qb7 18.Ne5 Bd6 19.f3 Rc7 20.Rxc7 Bxc7 21.Qc2 Bb6 22.Nxd7 Nxd7 23.Qc6 Qxc6
24.Rxc6 Kf8 25.Nf4 a5 26.Nd3 Ke7 27.Kf2 Ra7 28.Ne5  1/2-1/2

[Event "WCh-IPCA Open A"]
[Site "Piestany SVK"]
[Date "2011.07.07"]
[Round "7"]
[White "Anfinogenov,A"]
[Black "Bernardi,R"]
[Result "0-1"]
[WhiteElo "2100"]
[BlackElo "2162"]

1.d4 d5 2.c4 c6 3.Nc3 Nf6 4.Nf3 a6 5.c5 Nbd7 6.Bg5 h6 7.Bh4 b6 8.cxb6 Qxb6
9.Rb1 Ne4 10.e3 g5 11.Bg3 Nxg3 12.hxg3 Bg7 13.Bd3 a5 14.O-O Ba6 15.Na4 Qb7
16.Rc1 Bxd3 17.Qxd3 O-O 18.Nd2 e5 19.Nb3 Qb4 20.Nac5 Nxc5 21.Rxc5 a4 22.Nd2 exd4
23.Rxc6 dxe3 24.fxe3 Rae8 25.Nf3 Qxb2 26.Rf2 Qb4 27.Re2 Qe4 28.Qxe4 Rxe4
29.Rd6 Rfe8 30.Kf2 g4 31.Nd2 R4e5 32.Nf1 Rc8 33.e4 dxe4 34.Ne3 Bf8 35.Ra6 Rc3
36.Ke1 Bc5 37.Nxg4 e3 38.Rb2 Rg5 39.Nxh6+ Kh7 40.Nxf7 Rf5 41.Rb7 Rc1+ 42.Ke2 Rf2+
43.Kd3 Bf8 44.Ng5+ Kh8 45.Nf7+ Kg8 46.Rg6+ Kh7 47.Ne5+ Kh8 48.Nf7+ Kh7 49.Ne5+ Kh8
50.Kxe3 Bc5+ 51.Ke4 Re1+ 52.Kd5 Rd2+ 53.Ke6 Rd6+ 54.Kf5 Rxe5+ 55.Kxe5 Rxg6
56.Rb5 Bf8 57.Kf4 Bd6+ 58.Kf5 Rxg3 59.Rd5 Bf8 60.Rd4 Ra3 61.Rd2 Bh6 62.Re2 Rg3
63.Kf6 Kh7 64.Rc2 a3 65.Kf5 Rg5+ 66.Kf6 Rg6+ 67.Kf5 Rg3 68.Re2 Bg7 69.Kf4 Rg6
70.g4 Bh6+ 71.Kg3 Rb6 72.Re7+ Kg6 73.Ra7 Bf8 74.Kh4 Re6 75.Ra8 Be7+ 76.Kg3 Re2
77.Ra6+ Kf7 78.Kf4 Rxa2 79.g5 Rg2 80.Kf3 Bxg5 81.Ke4 Ra2 82.Kd5  0-1

[Event "Lev Polugaevsky Mem"]
[Site "Samara RUS"]
[Date "2011.07.07"]
[Round "3"]
[White "Baraeva,M"]
[Black "Volkov,Sergey1"]
[Result "0-1"]
[WhiteElo "2197"]
[BlackElo "2607"]

1.d4 d5 2.c4 c6 3.Nf3 Nf6 4.Nc3 a6 5.a4 e6 6.Bg5 h6 7.Bxf6 Qxf6 8.e3 g6 9.Bd3 Bg7
10.O-O O-O 11.Qe2 Qd8 12.cxd5 cxd5 13.Ne5 Nc6 14.f4 Nb4 15.Bb1 Bd7 16.Kh1 Be8
17.g4 Qe7 18.Qg2 Rc8 19.f5 Qg5 20.Qf3 Bxe5 21.dxe5 Nc6 22.Qf4 Bd7 23.Bd3 Qxf4
24.exf4 Nb4 25.Bb1 exf5 26.gxf5 gxf5 27.Rd1 Kh8 28.Kg1 Rg8+ 29.Kf2 Rg4 30.Kf3 Rh4
31.Kg3 Rg4+ 32.Kf3 Rcg8 33.Ne2 Rh4 34.Ng3 Rgg4 35.Rd4 Nc6 36.Rxd5 Rxf4+ 37.Kg2 Be6
38.Rc5 Rfg4 39.h3 Rg5 40.Kf2 Rxh3 41.Ne2 Rh2+ 42.Ke3 Rxe2+ 43.Kxe2 Nd4+ 44.Ke3 Nb3  0-1

[Event "Lev Polugaevsky Mem"]
[Site "Samara RUS"]
[Date "2011.07.07"]
[Round "3"]
[White "Chuprov,D"]
[Black "Natacheev,P"]
[Result "1-0"]
[WhiteElo "2531"]
[BlackElo "2216"]

1.d4 d5 2.c4 c6 3.Nc3 Nf6 4.Nf3 a6 5.c5 g6 6.h3 Bg7 7.Bf4 Ne4 8.e3 Qa5 9.Bd3 Nxc3
10.Qd2 Nd7 11.Qxc3 Qxc3+ 12.bxc3 f6 13.Bg3 e5 14.Be2 O-O 15.Rb1 Re8 16.O-O f5
17.Nxe5 Bxe5 18.Bxe5 Nxe5 19.dxe5 Rxe5 20.Bd3 Kf8 21.Rb2 Re7 22.Rfb1 Ra7
23.Kh2 Be6 24.Kg3 Kg7 25.Kf4 Kf6 26.g4 h6 27.Kg3 Bf7 28.gxf5 gxf5 29.Kf4 Be6
30.Rg1 Ra8 31.h4 Rh8 32.h5 Bf7 33.Bxf5 Bxh5 34.f3 Bf7 35.e4 h5 36.Rbg2 Rh6
37.Rg7 dxe4 38.fxe4 Be8 39.R7g5 h4 40.Bh3 Bg6 41.e5+ Kf7 42.Bf1 h3 43.Bxh3 Rxh3
44.Rxg6 Rxc3 45.Kf5 Rf3+ 46.Ke4 Rf2 47.R6g2 Rxg2 48.Rxg2 Re6 49.Rf2+ Ke7
50.Rh2 Rg6 51.Kf5 Rg1 52.Rh7+ Kd8 53.Rxb7 Rc1 54.Kf6 Kc8 55.Ra7 Rxc5 56.e6 Rc2
57.e7 Rf2+ 58.Ke6 Re2+ 59.Kd6 Rd2+ 60.Kxc6 Rc2+ 61.Kb6 Rb2+ 62.Kc5 Rc2+ 63.Kb4 Rb2+
64.Kc3 Re2 65.a4 Re1 66.Kc4 Rc1+ 67.Kb4 Re1 68.Ka5 Re6 69.Ra8+ Kd7 70.e8=Q+ Rxe8
71.Rxe8 Kxe8 72.Kxa6  1-0

[Event "XIII Open"]
[Site "Torredembarra ESP"]
[Date "2011.07.07"]
[Round "6"]
[White "Oms Pallisse,J"]
[Black "Genov,Peta"]
[Result "1/2-1/2"]
[WhiteElo "2489"]
[BlackElo "2428"]

1.d4 d5 2.c4 c6 3.Nf3 Nf6 4.Nc3 a6 5.a4 e6 6.g3 dxc4 7.Bg2 c5 8.dxc5 Qxd1+
9.Nxd1 Bd7 10.Ne5 Nc6 11.Nxc4 Bxc5 12.Be3 Bxe3 13.Ndxe3 Ke7 14.O-O Rhd8 15.Nb6 Rab8
16.Nec4 Be8 17.e3 Nd7 18.Rfc1 Nxb6 19.Nxb6 f6 20.h4 Rd2 21.Nc4 Rdd8 22.Kf1 Nb4
23.Be4 h6 24.a5 Bc6 25.Bxc6 Nxc6 26.Ke2 Rd5 27.Ra3 Rc5  1/2-1/2

[Event "TCh-TUR 2011"]
[Site "Konya TUR"]
[Date "2011.07.08"]
[Round "12"]
[White "Kanmazalp,O"]
[Black "Yeke,S"]
[Result "1/2-1/2"]
[WhiteElo "2404"]
[BlackElo "2293"]

1.d4 d5 2.Nf3 Nf6 3.c4 c6 4.Nc3 a6 5.a4 Bf5 6.g3 e6 7.Bg2 Be7 8.O-O O-O 9.Nh4 Bg4
10.h3 Bh5 11.g4 Nfd7 12.Nf3 Bg6 13.Bf4 a5 14.e3 Na6 15.Qe2 Nb4 16.e4 dxc4
17.Qxc4 Qb6 18.Rfd1 Rfc8 19.Qe2 Re8 20.h4 h6 21.h5 Bh7 22.g5 hxg5 23.Nxg5 Bxg5
24.Bxg5 f6 25.Be3 Qd8 26.Qg4 Qe7 27.Rac1 Kh8 28.Qh4 Rg8 29.f4 g5 30.fxg5 fxg5
31.Qg3 Raf8 32.d5 e5 33.dxc6 Nxc6 34.Nb5 Rf4 35.Bxf4 exf4 36.Qc3+ Nde5 37.Nd4 g4
38.Nxc6 bxc6 39.Rd7 Qxd7 40.Qxe5+ Qg7 41.Qxf4 Qxb2 42.e5 g3 43.Qf6+ Rg7 44.Rd1 Qe2
45.Rd8+ Bg8 46.Qh6+ Rh7 47.Qf6+ Rg7 48.Qh6+ Rh7 49.Qf6+  1/2-1/2

[Event "9th Niki Open"]
[Site "Nachod CZE"]
[Date "2011.07.09"]
[Round "8.34"]
[White "Kunes,J"]
[Black "Chladek,Va"]
[Result "0-1"]
[WhiteElo "1878"]
[BlackElo "2045"]

1.d4 d5 2.Nf3 Nf6 3.c4 c6 4.Nc3 a6 5.cxd5 cxd5 6.e3 Bf5 7.Bd3 Bxd3 8.Qxd3 e6
9.O-O Bd6 10.e4 dxe4 11.Nxe4 Be7 12.Re1 Nbd7 13.Neg5 O-O 14.Bd2 h6 15.Ne4 Rc8
16.Rac1 Qb6 17.Nxf6+ Nxf6 18.Bc3 Rfd8 19.Ne5 Nd5 20.Qf3 Bf6 21.Ng4 Bg5 22.Rb1 Qc7
23.Ne5 Qe7 24.Red1 Bf6 25.Ng4 Bg5 26.g3 Rc4 27.h4 Bf6 28.Nxf6+ Qxf6 29.Qd3 Rdc8
30.Be1 Qd8 31.f4 Nf6 32.Bf2 Qd5 33.Qe2 Rc2 34.Rd2 Qxa2  0-1

[Event "XX Adolf Anderssen Memorial Final"]
[Site "Wroclaw POL"]
[Date "2011.07.12"]
[Round "1.1"]
[White "Kozakov,M"]
[Black "Dobrowolski,P"]
[Result "1/2-1/2"]
[WhiteElo "2471"]
[BlackElo "2423"]

1.d4 d5 2.c4 c6 3.Nc3 Nf6 4.Nf3 a6 5.e3 b5 6.b3 Bg4 7.Be2 Nbd7 8.O-O Qb8
9.cxd5 cxd5 10.h3 Bh5 11.Bb2 e6 12.Ne5 Bxe2 13.Nxe2 Bd6 14.Nxd7 Nxd7 15.Rc1 Qb7
16.Qc2 Ke7 17.f3 f5 18.Qd2 Nf6 19.Nf4 Bxf4 20.exf4 b4 21.a3 a5 22.Rc5 Nd7
23.Rc2 Rhc8 24.Rfc1 Rxc2 25.Rxc2 Kf7 26.axb4 axb4 27.Qc1 Ra7 28.Rc8 Nb6 29.Rc5 Nd7
30.Rc6 Nb8 31.Rc8 Nd7 32.Qc2 Ra2 33.Rc7 Rxb2 34.Rxb7 Rxc2 35.Rxd7+ Kf6 36.Rb7 Rd2
37.Rxb4 h5 38.g3 g6 39.Kf1 Kf7 40.g4 fxg4 41.fxg4 hxg4 42.hxg4 Kf6 43.Kg1 g5
44.fxg5+ Kxg5 45.Kf1 Kxg4 46.Ke1 Rb2 47.Rb6 Kf5 48.Kd1  1/2-1/2

[Event "34th Aegean Open"]
[Site "Aghios Kirykos GRE"]
[Date "2011.07.13"]
[Round "6"]
[White "Thakoerdien,Jerrel"]
[Black "Karagiannis,T"]
[Result "1-0"]
[WhiteElo "2118"]
[BlackElo "1720"]

1.d4 d5 2.Nf3 Nf6 3.c4 c6 4.Nc3 a6 5.Qc2 Bg4 6.Ne5 Bh5 7.Bf4 e6 8.h3 Bg6
9.Nxg6 hxg6 10.e3 Bd6 11.Bg5 Nbd7 12.Rd1 Be7 13.Bf4 Qc8 14.c5 Bd8 15.e4 Nxe4
16.Nxe4 dxe4 17.Bc4 Nf6 18.O-O O-O 19.Be5 Re8 20.Rfe1 Nd7 21.Qxe4 Nxe5 22.dxe5 Be7
23.b4 Rd8 24.h4 Rxd1 25.Rxd1 Qe8 26.Bd3 Rd8 27.h5 Rd5 28.hxg6 fxg6 29.Re1 Bg5
30.Bc4 Bd2 31.Rd1  1-0

[Event "Najdorf Memorial"]
[Site "Warsaw POL"]
[Date "2011.07.14"]
[Round "2"]
[White "Klim,K"]
[Black "Vysochin,S"]
[Result "1-0"]
[WhiteElo "2328"]
[BlackElo "2552"]

1.d4 d5 2.c4 c6 3.Nf3 Nf6 4.Nc3 a6 5.c5 Bf5 6.Qb3 Qc8 7.h3 Nbd7 8.Bf4 e6
9.e3 Be7 10.Be2 Be4 11.Nxe4 Nxe4 12.O-O O-O 13.Qc2 Bd8 14.Ne5 Bc7 15.Nxd7 Qxd7
16.Bxc7 Qxc7 17.Bd3 f5 18.f4 Nf6 19.Rf3 h6 20.Qf2 g5 21.fxg5 hxg5 22.g4 Ne4
23.Qg2 f4 24.exf4 gxf4 25.Re1 Ng5 26.Re5 Qg7 27.h4 Nf7 28.Rxe6 Qxd4+ 29.Qf2 Ne5
30.Rg6+ Kh7 31.Rxc6+ Kg8 32.Rg6+ Kh7 33.Rg7+ Kh8 34.Rh7+ Kg8 35.Rh8+  1-0

[Event "SPA Open A"]
[Site "Amsterdam NED"]
[Date "2011.07.15"]
[Round "7"]
[White "Wunnink,M"]
[Black "Visser,HJ"]
[Result "0-1"]
[WhiteElo "2258"]
[BlackElo "2225"]

1.d4 d5 2.c4 c6 3.Nf3 Nf6 4.Nc3 a6 5.c5 Bg4 6.Ne5 Bf5 7.f3 g6 8.e4 Be6 9.Be2 Bg7
10.Be3 O-O 11.O-O Ne8 12.exd5 Bxd5 13.Nxd5 cxd5 14.Qb3 Ra7 15.Rfd1 Nc6 16.Qb6 Bxe5
17.dxe5 Nc7 18.Qb3 Qc8 19.f4 Rd8 20.Bf3 d4 21.Bxc6 bxc6 22.Rxd4 Nd5 23.Rad1 Rb7
24.Qc2 Rb5 25.Bf2 Qe6 26.g3 Rdb8 27.b3 Qh3 28.Re1 e6 29.Ra4 h5 30.f5 Nb4
31.Rxb4 Rxb4 32.fxg6 Qf5 33.gxf7+ Qxf7 34.Be3 Qh7 35.Qxh7+ Kxh7 36.Rd1 Re4
37.Bf4 Re2 38.Rd6 Rxa2 39.Rxc6 Rxb3 40.Rb6 Rxb6 41.cxb6 Kg6  0-1

[Event "Open ch-SVK A"]
[Site "Banska Stiavnica SVK"]
[Date "2011.07.15"]
[Round "7"]
[White "Gbyl,A"]
[Black "Sosovicka,J"]
[Result "1/2-1/2"]
[WhiteElo "2245"]
[BlackElo "2175"]

1.d4 d5 2.c4 c6 3.Nf3 Nf6 4.Nc3 a6 5.e3 b5 6.c5 g6 7.Qb3 Nbd7 8.a4 Bb7 9.Be2 Bg7
10.O-O O-O 11.Bd2 Qc7 12.Ra3 Rfb8 13.axb5 axb5 14.Rfa1 Rxa3 15.bxa3 e5 16.Rb1 h6
17.a4 e4 18.Ne1 bxa4 19.Qxa4 Bc8 20.Nc2 Rxb1+ 21.Nxb1 Nb8 22.Nb4 Kh7 23.Nc3 Ng4
24.Bxg4 Bxg4 25.Qa8 Bc8 26.Na4 Qb7 27.Qxb7 Bxb7 28.Nb6 Na6 29.Kf1 Nxb4 30.Bxb4 Kg8
31.Ke1 f5 32.Kd2 Kf7 33.Ba5 Ke8 34.Kc3 Bf6 35.Na4 Kd7 36.Kb3 Bh4 37.g3 Bf6
38.Nb6+ Ke8 39.Na4 Kd7 40.Nb6+ Ke8 41.Na4 Kd7  1/2-1/2

[Event "Open ch-SVK A"]
[Site "Banska Stiavnica SVK"]
[Date "2011.07.16"]
[Round "8"]
[White "Zsinka,L"]
[Black "Sosovicka,J"]
[Result "1/2-1/2"]
[WhiteElo "2298"]
[BlackElo "2175"]

1.d4 d5 2.c4 c6 3.Nc3 Nf6 4.Nf3 a6 5.Ne5 Nbd7 6.Bf4 dxc4 7.Nxc4 b5 8.Ne5 Bb7
9.e3 e6 10.Be2 c5 11.Bf3 Qb6 12.Nxd7 Nxd7 13.d5 e5 14.Bg3 Bd6 15.e4 O-O 16.O-O c4
17.Be2 Nc5 18.b4 Nd7 19.Rb1 Rfc8 20.Bg4 Rc7 21.a4 Bc8 22.a5 Qa7 23.Bh4 Nf8
24.Be2 f6 25.Kh1 Rf7 26.f3 Qe7 27.Na2 Bd7 28.Qd2 g5 29.Bf2 Ng6 30.Be3 Rg7
31.g3 h6 32.Bd1 Rh7 33.Bc2 Kh8 34.Qf2 h5 35.Bc5 h4 36.g4 Rc8 37.Bxd6 Qxd6
38.Nc3 Be8 39.Rfd1 Rb7 40.Qe3 Nf4 41.Rd2 Bd7 42.Rdd1  1/2-1/2

[Event "3rd International Open"]
[Site "Rethymno GRE"]
[Date "2011.07.16"]
[Round "7"]
[White "Ashwin,J"]
[Black "Gogolis,A"]
[Result "1-0"]
[WhiteElo "2449"]
[BlackElo "2261"]

1.d4 d5 2.c4 c6 3.Nf3 Nf6 4.Nc3 a6 5.g3 Bf5 6.Bg2 e6 7.Nh4 Bg6 8.Nxg6 hxg6
9.Qd3 Nbd7 10.O-O Be7 11.b3 O-O 12.Bb2 Qb6 13.e3 a5 14.Qe2 Rfe8 15.Rfd1 Qa6
16.Rac1 Nb6 17.Bf1 Nbd7 18.Rc2 Qa7 19.Bg2 Rad8 20.f4 Bb4 21.g4 Nf8 22.g5 Nh5
23.Bf3 Bxc3 24.Bxc3 Qa6 25.cxd5 Qxe2 26.Rxe2 exd5 27.Bxa5 Ra8 28.Be1 Ne6
29.Kf2 f5 30.Bb4 Red8 31.a4 Kf7 32.Bg2 Ra7 33.Kf3 Ke8 34.Ra2 Kd7 35.Bf1 Rda8
36.Bc5 Nxc5 37.dxc5 Ra5 38.Rc2 Re8 39.Rd4 Kc7 40.Be2 Ra7 41.Rc1 Re7 42.Bd1 Ra8
43.Rc3 Rae8 44.Bc2 Rh8 45.b4 Ree8 46.Kg2 Rh7 47.b5 Reh8 48.h4 Ng3 49.Kxg3 Rxh4
50.Rd2 d4 51.b6+ Kc8 52.Rb3 Rh3+ 53.Kf2 Rh2+ 54.Ke1  1-0

[Event "III Corporation Cup A"]
[Site "Izhevsk RUS"]
[Date "2011.07.17"]
[Round "3"]
[White "Smirnov,Alexey"]
[Black "Demianjuk,A"]
[Result "1-0"]
[WhiteElo "2415"]
[BlackElo "2317"]

1.d4 d5 2.Nf3 Nf6 3.c4 c6 4.Nc3 a6 5.g3 dxc4 6.Bg2 g6 7.O-O Bg7 8.e3 O-O
9.Ne5 Nfd7 10.Nxc4 b5 11.Nd2 e5 12.Nb3 Ra7 13.a4 b4 14.Ne4 a5 15.Qc2 f5 16.Nec5 Nxc5
17.Qxc5 Qc7 18.dxe5 Bxe5 19.e4 Be6 20.Bh6 Rc8 21.Qc2 c5 22.exf5 Bxf5 23.Qc4+ Kh8
24.g4 Bd7 25.f4 Bxb2 26.Ra2 Bg7 27.Bxg7+ Kxg7 28.f5 gxf5 29.gxf5 Be8 30.Nd4 cxd4
31.Qxd4+ Kf7 32.Bd5+ Kf8 33.Qf6+ Bf7 34.Qh6+ Ke8 35.Re2+ Kd7 36.Be6+  1-0